Three-body calculation of incoherent π0 photoproduction on a deuteron; Physical Review C; Vol. 100, iss. 3

التفاصيل البيبلوغرافية
Parent link:Physical Review C
Vol. 100, iss. 3.— 2019.— [034003, 8 р.]
المؤلف الرئيسي: Fiks (Fix) A. I. Alexander Ivanovich
مؤلف مشترك: Национальный исследовательский Томский политехнический университет Исследовательская школа физики высокоэнергетических процессов
مؤلفون آخرون: Arenhovel H. Hartmuth
الملخص:Title screen
Incoherent π0 photoproduction on a deuteron in the Δ(1232) region is treated in a three-body scattering approach using separable two-body interactions. Results are presented for total and differential cross sections. It turns out that the role of higher order terms beyond the first order in the multiple scattering series is insignificant, and their inclusion cannot explain the existing discrepancy between theory and experiment.
اللغة:الإنجليزية
منشور في: 2019
الموضوعات:
الوصول للمادة أونلاين:https://doi.org/10.1103/PhysRevC.100.034003
التنسيق: MixedMaterials الكتروني فصل الكتاب
KOHA link:https://koha.lib.tpu.ru/cgi-bin/koha/opac-detail.pl?biblionumber=662098

MARC

LEADER 00000naa0a2200000 4500
001 662098
005 20250422142040.0
035 |a (RuTPU)RU\TPU\network\33232 
090 |a 662098 
100 |a 20200518d2019 k||y0rusy50 ba 
101 0 |a eng 
102 |a US 
135 |a drcn ---uucaa 
181 0 |a i  
182 0 |a b 
200 1 |a Three-body calculation of incoherent π0 photoproduction on a deuteron  |f A. I. Fiks (Fix), H. Arenhovel 
203 |a Text  |c electronic 
300 |a Title screen 
320 |a [References: 28 tit.] 
330 |a Incoherent π0 photoproduction on a deuteron in the Δ(1232) region is treated in a three-body scattering approach using separable two-body interactions. Results are presented for total and differential cross sections. It turns out that the role of higher order terms beyond the first order in the multiple scattering series is insignificant, and their inclusion cannot explain the existing discrepancy between theory and experiment. 
461 |t Physical Review C 
463 |t Vol. 100, iss. 3  |v [034003, 8 р.]  |d 2019 
610 1 |a труды учёных ТПУ 
610 1 |a электронный ресурс 
700 1 |a Fiks (Fix)  |b A. I.  |c Physicist  |c Professor of Tomsk Polytechnic University, Doctor of Physical and Mathematical Sciences  |f 1968-  |g Alexander Ivanovich  |3 (RuTPU)RU\TPU\pers\33830  |9 17419 
701 1 |a Arenhovel  |b H.  |g Hartmuth 
712 0 2 |a Национальный исследовательский Томский политехнический университет  |b Исследовательская школа физики высокоэнергетических процессов  |c (2017- )  |3 (RuTPU)RU\TPU\col\23551 
801 2 |a RU  |b 63413507  |c 20200518  |g RCR 
850 |a 63413507 
856 4 0 |u https://doi.org/10.1103/PhysRevC.100.034003 
942 |c CF